ბათუმის შოთა რუსთაველის სახელმწიფო უნივერსიტეტის ბიბლიოთეკა

ჰიდრომეტრია : [სახელმძღვ.] (ბიბ.ჩანაწერი № 49316)

000 -LEADER
fixed length control field 01018nam a2200265Ia 4500
001 - CONTROL NUMBER
control field 16232
003 - CONTROL NUMBER IDENTIFIER
control field GE_BSU
008 - FIXED-LENGTH DATA ELEMENTS--GENERAL INFORMATION
fixed length control field 181216s||||||||xx |||||||||||||| ||und||
020 ## - INTERNATIONAL STANDARD BOOK NUMBER
International Standard Book Number ISBN 978-9941-3-311-4
040 ## - CATALOGING SOURCE
Transcribing agency GE_BSU
080 ## - UNIVERSAL DECIMAL CLASSIFICATION NUMBER
Universal Decimal Classification number 556.1.08(075.8)+ 627.133
100 ## - MAIN ENTRY--PERSONAL NAME
Personal name ალავერდაშვილი მერაბ,გიორგი ბრეგვაძე,
245 ## - TITLE STATEMENT
Title ჰიდრომეტრია : [სახელმძღვ.]
245 ## - TITLE STATEMENT
Statement of responsibility, etc. რედ. დავით კერესელიძე
250 ## - EDITION STATEMENT
Edition statement ივ. ჯავახიშვილის სახ. თსუ
260 ## - PUBLICATION, DISTRIBUTION, ETC.
Place of publication, distribution, etc. თბილისი
260 ## - PUBLICATION, DISTRIBUTION, ETC.
Name of publisher, distributor, etc. თბილ. უნ-ტის გამ-ბა,
260 ## - PUBLICATION, DISTRIBUTION, ETC.
Date of publication, distribution, etc. 2014
300 ## - PHYSICAL DESCRIPTION
Extent 179გვ;ილ;25სმ
300 ## - PHYSICAL DESCRIPTION
Other physical details ბიბლიოგრ.: გვ. 176-177
653 ## - INDEX TERM--UNCONTROLLED
Uncontrolled term გეოგრაფია
653 ## - INDEX TERM--UNCONTROLLED
Uncontrolled term ჰიდრომეტრია - სახელმძღვანელოები
942 ## - ADDED ENTRY ELEMENTS (KOHA)
Koha item type წიგნი
ეგზემპლარები
Withdrawn status Lost status Damaged status Not for loan Date acquired Barcode Date last seen Price effective from Koha item type
        2018-12-17 40195 2018-12-17 2018-12-17 წიგნი
        2018-12-17 40196 2018-12-17 2018-12-17 წიგნი
        2018-12-17 40197 2018-12-17 2018-12-17 წიგნი
        2018-12-17 40198 2018-12-17 2018-12-17 წიგნი
        2018-12-17 40199 2018-12-17 2018-12-17 წიგნი